1860 1634 1689 1617 1283 1128 1228 1582 1639 1900 1782 1942 1462 1861 1975 2000 1968 1572 1101 1051 1300 1536 1139 1172 1025 1156 1656 1677 1924 1177 1496 1732 1810 1121 1492 1296 1352 1321 1951 1269 1565 1782 1523 1337 1996 1344 1692 1956 1379 1413 1249 1664 1543 1092 1477 1468 1788 1261 1709 1757 1113 1195 1176 1307 1228 1427 1431 1078 1075 1466 1533 1595 1184 1632 1455 1597 1489 1374 1944 1221 1401 1650 1740 1806 1900 1368 1205 1754 1819 1282 1773 1844 1671 1927 1899 1787 1797 1131 1164 BCNSPRNW ULIB Ver.6.0+V

เปลี่ยนเป็นภาษาไทย

Change to English
 แสดงรายละเอียดบรรณานุกรม
  กลับหน้าหลัก

Brief Record : Get Marc (ISO 2709) : E-mail record : QR code < ปิดหน้าต่าง
LEADER : 00000nam 2200000uu 4500
001    13399121105
003     ULIB
008    020711s2546 th a 000 0 tha d
050    LB^b698ก
100    อำภา กันทะเป็ง
245    การจัดกิจกรรมเพื่อพัฒนานักศึกษา/^cอำภา กันทะเป็ง
250    พิมพ์ครั้งที่ 1
260    นครสวรรค์ :^bวิทยาลัยพยาบาลบรมราชชนนี,^c2546
300    138 หน้า
650    การพัฒนานักศึกษา
945    ^p0^l0^i12337
945    ^p0^l0^i12341
945    ^p0^l0^i12340
945    ^p0^l0^i12338
999    ^aทศพร เกษรทอง
รายการนี้ยังไม่มีแท็ก
คุณยังไม่ได้ล็อกอิน คุณสามารถมีกิจกรรมร่วมกับเว็บไซต์ได้ แต่ต้องล็อกอินก่อน ::
  ล็อกอิน

รายการสื่อสารสนเทศ

ลำดับที่ ประเภท เลขเรียก/บาร์โค้ด สถานที่ สถานะ
1. วิทยาศาสตร์การแพทย์ และสุขภาพ
วิทยาศาสตร์การแพทย์ และสุขภาพ
LB 698ก  
  Barcode: 12337
ห้องสมุดวิทยาเขตสวรรค์ประชารักษ์
►หนังสือทั่วไป
บนชั้น
2. วิทยาศาสตร์การแพทย์ และสุขภาพ
วิทยาศาสตร์การแพทย์ และสุขภาพ
LB 698ก ฉ.2 
  Barcode: 12341
ห้องสมุดวิทยาเขตสวรรค์ประชารักษ์
►หนังสือทั่วไป
บนชั้น
3. วิทยาศาสตร์การแพทย์ และสุขภาพ
วิทยาศาสตร์การแพทย์ และสุขภาพ
LB 698ก ฉ.3 
  Barcode: 12340
ห้องสมุดวิทยาเขตสวรรค์ประชารักษ์
►หนังสือทั่วไป
บนชั้น
4. วิทยาศาสตร์การแพทย์ และสุขภาพ
วิทยาศาสตร์การแพทย์ และสุขภาพ
LB 698ก ฉ.4 
  Barcode: 12338
ห้องสมุดวิทยาเขตสวรรค์ประชารักษ์
►หนังสือทั่วไป
บนชั้น

รายการใกล้เคียง
    ผู้แต่ง [อำภา กันทะเป็ง]

BibComment


ยังไม่เคยถูกคอมเมนท์

คอมเมนท์ทรัพยากรรายการนี้
  คอมเมนท์: การจัดกิจกรรมเพื่..


 Copyright 2026. Bcnsprnw @Library